000 00718cam a22002412 4500
001 31661
003 BD-RjUL
005 20211209051731.0
008 140421t1953 enk 001 0 eng d
035 _a(BD-RjUL)31749
040 _aZLM
_cZLM
_dOCL
_dUKM
_dEQO
_dBD-RjUL
_beng
041 _aeng
082 0 0 _a201
_bSTR 1953
090 _aBL51
_b.S6256 1953
100 1 _aStace, W. T.
_q(Walter Terence),
_d1886-1967.
_992575
245 1 0 _aReligion and the modern mind /
_cby W. T. Stace.
260 _aLondon :
_bMacmillan,
_c1953.
300 _avii, 301 p. ;
_c22 cm.
504 _aincludes index.
650 0 _aReligion
_xPhilosophy.
_94031
650 0 _aSkepticism
_vControversial literature.
_996344
942 _2ddc
_cBK
999 _c31661
_d31661